Statistiche per Riconosci i giocatori dell'Italia dalla foto - Mondiali 2006

Clicka qui per fare il quiz!

Statistiche generali

  • Questo quiz è stato fatto 90 volte
  • Il punteggio medio è 20 su 24

Statistiche sulle risposte

Risposta% Corretto
Gianluigi Buffon
100%
Fabio Grosso
98%
Francesco Totti
98%
Fabio Cannavaro
96%
Gennaro Gattuso
96%
Alessandro Del Piero
95%
Andrea Pirlo
95%
Marcello Lippi
94%
Filippo Inzaghi
93%
Marco Materazzi
93%
Daniele De Rossi
91%
Luca Toni
91%
Alessandro Nesta
85%
Andrea Barzagli
85%
Gianluca Zambrotta
84%
Mauro Camoranesi
81%
Alberto Gilardino
80%
Angelo Peruzzi
70%
Cristian Zaccardo
64%
Marco Amelia
63%
Massimo Oddo
63%
Simone Perrotta
60%
Simone Barone
53%
Vincenzo Iaquinta
49%

Distribuzione punteggi

Percentile per numero di risposta

Percentuale di utenti per punteggio

I tuoi punteggi nel tempo

Non hai fatto questo quiz